000 00634nam a2200253Ia 4500
003 OSt
005 20221007101829.0
006 a|||||r|||| 00| 0
007 ta
008 221006b |||||||| |||| 00| 0 eng d
024 _a8,235
037 _cTextual
040 _aLCO
_cLCO
_beng
041 _2eng
_aeng
082 _aZ2t, L8
100 _aGOVT.OF INDIA
245 0 _aREPORTS, LAW COMMISSION OF INDIA
260 _aIndia
_bGovt. of India
_c1978
300 _a18,5
490 _v74
650 _aLAW COMMISSION REPORTS
_9703817
942 _hZ2t, L8
_cTEXL
999 _c1177798
_d1177798